| Tag |
First Indicator |
Second Indicator |
Subfields |
| LEADER |
00000cam a2200000Ii 4500 |
| 001 |
in00004018024 |
| 005 |
20190122150626.0 |
| 008 |
190122s2000 nyu c 000 1 eng d |
| 035 |
|
|
|a (OCoLC)on1083140748
|
| 040 |
|
|
|a TXA
|b eng
|e rda
|c TXA
|
| 035 |
|
|
|a (OCoLC)1083140748
|
| 050 |
|
4 |
|a PR6062.E4163
|b W637 2000
|
| 049 |
|
|
|a TXAM
|
| 100 |
1 |
|
|a Lee, Tanith,
|e author.
|
| 245 |
1 |
2 |
|a A wolf at the door /
|c by Tanith Lee.
|
| 264 |
|
1 |
|a [New York] :
|b [Simon & Schuster Books for Young Readers],
|c [2000]
|
| 300 |
|
|
|a pages 55-62 ;
|c 21 cm
|
| 336 |
|
|
|a text
|b txt
|2 rdacontent
|
| 337 |
|
|
|a unmediated
|b n
|2 rdamedia
|
| 338 |
|
|
|a volume
|b nc
|2 rdacarrier
|
| 500 |
|
|
|a The Cushing Library/Science Fiction copy was used to compile Daughter of the night : an annotated Tanith Lee bibliography.
|
| 500 |
|
|
|a Detached from: A wolf at the door : and other retold fairy tales, edited by Ellen Datlow and Terri Windling.
|
| 650 |
|
0 |
|a Wolves
|v Fiction.
|
| 655 |
|
7 |
|a Fairy tales.
|2 lcgft
|
| 655 |
|
7 |
|a Fantasy fiction.
|2 lcgft
|
| 773 |
0 |
8 |
|i Contained in (manifestation):
|t Wolf at the door
|w (OCoLC)41977140
|
| 994 |
|
|
|a C0
|b TXA
|
| 948 |
|
|
|a cataloged
|b h
|c 2019/1/22
|d o
|e nbehmer
|f 12:03:05 pm
|
| 999 |
f |
f |
|s ce2b1cd1-7422-3bbf-9b78-2c7aaf326b36
|i 9d375593-7452-3489-a6d9-3b96c82f3988
|t 0
|
| 952 |
f |
f |
|p noncirc
|a Texas A&M University
|b College Station
|c Cushing Memorial Library & Archives
|d Cushing: Science Fiction (Does not check out)
|t 0
|e PR6062.E4163 W637 2000
|f Vertical file
|h Library of Congress classification
|i unmediated -- volume
|
| 998 |
f |
f |
|a PR6062.E4163 W637 2000
|t 0
|l Cushing: Science Fiction (Does not check out)
|